000 00472cam a2200205 4500
001 D9660
008 090401t1969 xxu||||| |||| 00| 0 eng d
035 _a(Sirsi) u21514
041 _aeng
050 _a631.1
100 _aWalmsley, R.Charles
245 _aWalmsley`s rural estate management
250 _a5th
260 _aLondon
_bEstate Gazette
_c1969
300 _a23cm
350 _a5.25
700 _aChapman, D.H (ed)
942 _n0
948 _c04/03/1997
999 _c87997
_d87997